| 000 | 00910nam a2200253Ia 4500 | ||
|---|---|---|---|
| 003 | OSt | ||
| 005 | 20221005111217.0 | ||
| 006 | a|||||r|||| 00| 0 | ||
| 007 | ta | ||
| 008 | 221004b |||||||| |||| 00| 0 hin d | ||
| 024 | _a103232 | ||
| 037 | _cTextual | ||
| 040 |
_aCRL _cCRL _bhin |
||
| 041 |
_2hin _ahin |
||
| 082 | _aO152,3:g, P0 | ||
| 100 | _aउपाध्याय, रमेश | ||
| 245 | 0 |
_aजनवादी कहानी _b पृष्ठभूमि से पुनर्विचार तक |
|
| 246 | _aJanavādī kahānī: pṛuṣhṭhabhūmi se punarvichār taka | ||
| 260 |
_aनई दिल्ली _bवाणी प्रकाशन भारत _c2000 |
||
| 300 |
_a403पृ0 _ccm. |
||
| 650 | _aहिन्दी साहित्य | ||
| 942 |
_hO152,3:g, P0 _cTEXL _2cc |
||
| 999 |
_c1021165 _d1021165 |
||